000 00437nam a22001697a 4500
005 20160613134909.0
008 160613b xxu||||| |||| 00| 0 eng d
020 _a978-81-259-3312-0
041 _aeng
082 _b7210
100 _aChoudhuri, Malay and Arindam
_91787
245 _aThe Great Indian Dream
260 _aNew Delhi
_bVikas Publishing House (P) Ltd.
_c2003
300 _a244
650 _aManagement
_9241
942 _cBK
999 _c2511
_d2510